书目信息 |
| 题名: |
道路交通安全法律知识问答
|
|
| 作者: | 张文长 , 闻学舜 , 杨广伟 主编 | |
| 分册: | ||
| 出版信息: | 北京 化学工业出版社 2007.01 |
|
| 页数: | 135页 | |
| 开本: | 20cm | |
| 丛书名: | ||
| 单 册: | ||
| 中图分类: | D922.145 | |
| 科图分类: | ||
| 主题词: | 道路交通安全法--dao lu jiao tong an quan fa--基本知识--中国 | |
| 电子资源: | ||
| ISBN: | 978-7-5025-9762-7 | |
| 000 | 00987nam0 2200253 450 | |
| 001 | 012007647375 | |
| 005 | 20071205095446.10 | |
| 010 | @a978-7-5025-9762-7@dCNY10.00 | |
| 100 | @a20071205d2007 km y0chi0120 ea | |
| 101 | 0 | @achi |
| 102 | @aCN@b110000 | |
| 105 | @ay z 000yy | |
| 106 | @ar | |
| 200 | 1 | @a道路交通安全法律知识问答@Adao lu jiao tong an quan fa lu zhi shi wen da@f张文长, 闻学舜, 杨广伟主编@Fzhang wen chang,wen xue shun,yang guang wei zhu bian |
| 210 | @a北京@c化学工业出版社@d2007.01 | |
| 215 | @a135页@d20cm | |
| 330 | @a本书在中关于机动车及机动车驾驶员管理、道路通行条件和通行规定、交通事故处理、法律责任和执行监督、第三者责任强制保险等方面的500多条规定。 | |
| 606 | 0 | @a道路交通安全法@Adao lu jiao tong an quan fa@x基本知识@y中国 |
| 690 | @aD922.145@v4 | |
| 701 | 0 | @a张文长@Azhang wen chang@4主编 |
| 701 | 0 | @a闻学舜@Awen xue shun@4主编 |
| 701 | 0 | @a杨广伟@Ayang guang wei@4主编 |
| 801 | 0 | @aCN@bQSSK@c20071205 |
| 905 | @b271011-13@dD922.145@eZ190@f3 | |
| 道路交通安全法律知识问答/张文长, 闻学舜, 杨广伟主编.-北京:化学工业出版社,2007.01 |
| 135页;20cm |
| ISBN 978-7-5025-9762-7:CNY10.00 |
| 本书在中关于机动车及机动车驾驶员管理、道路通行条件和通行规定、交通事故处理、法律责任和执行监督、第三者责任强制保险等方面的500多条规定。 |
| ● |
| 相关链接 |
|
|
|
正题名:道路交通安全法律知识问答
索取号:D922.145/Z190
 
预约/预借
| 序号 | 登录号 | 条形码 | 馆藏地/架位号 | 状态 | 备注 |
| 1 | 271011 | 202710110 | 社科库509/509社科库 85排2列6层/ [索取号:D922.145/Z190] | 在馆 | |
| 2 | 271012 | 202710129 | 社科库509/509社科库 85排2列6层/ [索取号:D922.145/Z190] | 在馆 | |
| 3 | 271013 | 202710138 | 社科库509/509社科库 85排2列6层/ [索取号:D922.145/Z190] | 在馆 |